No se puede transformar la realidad radicalmente solo desde un lógica institucional: entrevista a Franck Gaudichaud /
Guardado en:
| Formato: | Libro |
|---|---|
| Lenguaje: | Spanish |
| Etiquetas: |
Agregar Etiqueta
Sin Etiquetas, Sea el primero en etiquetar este registro!
|
MARC
| LEADER | 00000nam a22000007a 4500 | ||
|---|---|---|---|
| 003 | cru CIDCACS/IIS | ||
| 005 | 20191024155941.0 | ||
| 007 | ta | ||
| 008 | 191024s2016 cu |||p|r|||| 00| ||spa|d | ||
| 999 | |c 42543 |d 42543 | ||
| 040 | |c cru CIDCACS/IIS | ||
| 245 | 0 | |a No se puede transformar la realidad radicalmente solo desde un lógica institucional: |b entrevista a Franck Gaudichaud / |c Resumen Latinoamericano | |
| 300 | |a páginas 20-25 | ||
| 773 | 0 | |0 41970 |9 2977 |a Centro Memorial Dr. Martin Luther King, Jr |d La Habana, Cuba: Centro Memorial Dr. Martin Luther King, Jr, |o 17963 |t Caminos: |x 10257733 | |
| 942 | |2 ddc |c PP | ||
